Phương pháp số trong cơ học kết cấu

Các phương pháp số trong cơ học kết cấu: phương pháp sai phân, phương pháp phân tử hữu hạn, phương pháp các mô hình rời rạc vật lý. ựng dụng tích phân số trong một số bài toán cơ học kết cấu. Các nguyên lý biến phân và phương pháp biến phân trong cơ học kết cấu...

ver descrição completa

Na minha lista:
Detalhes bibliográficos
Autor principal: Karamanxki .T. (Tác giả)
Outros Autores: Nguyễn Tiến Cường (Người dịch)
Formato: Livro
Idioma:Vietnamese
Publicado em: H. Khoa học kỹ thuật 1985
Assuntos:
Tags: Adicionar Tag
Sem tags, seja o primeiro a adicionar uma tag!
Thư viện lưu trữ: Mạng thư viện Đại học Đà Nẵng
LEADER 01563nam a2200373 4500
001 000008351
003 4538
005 20111017091047.0
008 111017s1985 viesd
020 |c 13đ 
041 0 |a vie 
082 |a 624.17  |b KA-T 
100 0 |a Karamanxki .T.  |e Tác giả 
245 0 |a Phương pháp số trong cơ học kết cấu  |c T. Karamanxki; Người dịch: Nguyễn Tiến Cường 
260 |a H.  |b Khoa học kỹ thuật  |c 1985 
300 |a 297tr.  |c 26cm 
520 |a Các phương pháp số trong cơ học kết cấu: phương pháp sai phân, phương pháp phân tử hữu hạn, phương pháp các mô hình rời rạc vật lý. ựng dụng tích phân số trong một số bài toán cơ học kết cấu. Các nguyên lý biến phân và phương pháp biến phân trong cơ học kết cấu 
650 |a Cơ học kết cấu 
653 |a Phân số hữu hạn 
653 |a Phương pháp số 
653 |a sai phân 
653 |a tích phân 
700 |a Nguyễn Tiến Cường  |e Người dịch 
910 |a MPhuong  |d 17/10/11 
OWN |a LSP 
AVA |a UDN50  |b LSP  |d 624.17 KA-T  |e unavailable  |t Error 5002 Not defined in file expand_doc_bib_avail.  |f 1  |g 1  |h N  |i 0  |k 1 
999 |a From the UDN01 
AVA |a UDN50  |b LSP  |d 624.17 KA-T  |e unavailable  |t Error 5002 Not defined in file expand_doc_bib_avail.  |f 1  |g 1  |h N  |i 0  |k 1 
TYP |a Monograph 
TYP |a Printed language 
980 |a Mạng thư viện Đại học Đà Nẵng